| 000 | 00881cab a2200301 4500 | ||
|---|---|---|---|
| 001 | ABS47604 | ||
| 008 | 090401t1992 xxu||||| |||| 00| 0 eng d | ||
| 035 | _a(Sirsi) u62605 | ||
| 041 | _aeng | ||
| 245 | _aFocus 92: City of London | ||
| 260 | _c1992 | ||
| 350 | _a0 | ||
| 490 |
_aEstates Gazette _v(9248) 5 December 1992, 53-87(22) |
||
| 650 | _aCITY FRINGE | ||
| 650 | _aCITY OF LONDON | ||
| 650 | _aFINANCIAL CENTRES | ||
| 650 | _aGERMANY | ||
| 650 | _aINVESTMENT | ||
| 650 | _aINWARD INVESTMENT | ||
| 650 | _aLONDON | ||
| 650 | _aPROPERTY-COMMERCIAL PROPERTY-OFFICE PROPERTY-OFFICE PROPERTY MARKET | ||
| 650 | _aOWNER-OCCUPATION | ||
| 650 | _aRATING REVALUATION | ||
| 650 | _aPROPERTY-COMMERCIAL PROPERTY-RETAIL PROPERTY-RETAIL PROPERTY MARKET | ||
| 690 | _aPROPERTY-COMMERCIAL PROPERTY-COMMERCIAL PROPERTY MARKET | ||
| 942 | _n0 | ||
| 948 | _c04/03/1997 | ||
| 999 |
_c38877 _d38877 |
||